000 00609 a2200169 4500
999 _c329381
_d329381
003 Nust
005 20170504111634.0
008 170504b xxu||||| |||| 00| 0 eng d
020 _a0130819549
040 _c0
082 _a515 BRA
100 _aBradley, Gerald L.
245 _aCalculus: Student mathematics handbook
_cGerald L. Bradley, Karl J. Smith
250 _a2nd ed.
260 _aNew Jersey:
_bPrentice- Hall,
_c1998.
300 _a202 p. :
_bill. ;
_c24cm.
500 _aIncludes index
501 _aP.B
650 _aCalculus
942 _cBK
_k515 BRA
_2ddc